LEADER 01853nam0 2200397 450 001 000020357 005 20070928091402.0 010 $a88-222-3626-2 100 $a20070907d1988----km-y0itaa50------ba 101 0 $aita 102 $aIT 200 1 $aAmbrogio Traversari nel 6. centenario della nascita$eConvegno Internazionale di studi, Camaldoli - Firenze, 15-18 settembre 1986$fa cura di Gian Carlo Garfagnini 210 $aFirenze$c<> Olschki$d1988 215 $aVIII, 532 p.$d30 cm 225 2 $aAtti di Convegni$fIstituto nazionale di studi sul Rinascimento$v17 300 $aSul front.: Sotto l'Alto Patronato del Presidente della Repubblica con il Patrocinio del Presidente del Consiglio dei Ministri 300 $aIn testa al front.: Istituto nazionale di studi sul Rinascimento 410 1$12001$aAtti di Convegni$fIstituto nazionale di studi sul Rinascimento$v17 600 1$aTraversari,$bAmbrogio 676 $a271.1402$v(21. ed.)$9Congregazioni e ordini religiosi nella storia della chiesa. Benedettini. Cluniacensi. Persone 702 1$aGarfagnini,$bGian Carlo 702 1$aTraversari,$bAmbrogio$f<1386-1439> 712 02$aIstituto nazionale di studi sul Rinascimento 801 0$aIT$bUniversità della Basilicata - B.I.A.$gRICA$2unimarc 912 $a000020357 996 $aAmbrogio Traversari nel 6. centenario della nascita$985963 997 $aUNIBAS BAS $aLETTERE CAT $aSTD050$b01$c20070907$lBAS01$h1101 CAT $aTTM$b30$c20070925$lBAS01$h1114 CAT $aTTM$b30$c20070926$lBAS01$h0942 CAT $aTTM$b30$c20070926$lBAS01$h1248 CAT $aTTM$b30$c20070928$lBAS01$h0911 CAT $aTTM$b30$c20070928$lBAS01$h0914 FMT Z30 -1$lBAS01$LBAS01$mBOOK$1BASA1$APolo Storico-Umanistico$2GEN$BCollezione generale$3DF/4467$604467$5F04467$820070907$f02$FPrestabile Generale LEADER 01271nam--2200385---450- 001 990002853930203316 005 20100618110648.0 010 $a88-13-26216-7 035 $a000285393 035 $aUSA01000285393 035 $a(ALEPH)000285393USA01 035 $a000285393 100 $a20070112d2006----km-y0itay50------ba 101 $aita 102 $aIT 105 $a||||||||001yy 200 1 $a<> libertà terapeutica come diritto culturale$euno studio sul pluralismo nel diritto costituzionale comparato$fCinzia Piciocchi 210 $aPadova$cCEDAM$d2006 215 $aX, 278 p.$d24 cm 225 2 $aDipartimento di scienze giuridiche, Università di Trento$v66 410 0$12001 454 1$12001 606 0 $aSalute$xTutela$xDiritto comparato 676 $a344.0412 700 1$aPICIOCCHI,$bCinzia$0595557 801 0$aIT$bsalbc$gISBD 912 $a990002853930203316 951 $aXXX.A. Coll. 105/ 37 (X 43 II 66)$b53207 G.$cXXX.A. Coll. 105/ 37 (X 43 II)$d00209371 959 $aBK 969 $aGIU 979 $aALESSANDRA$b90$c20070112$lUSA01$h1251 979 $aALESSANDRA$b90$c20070118$lUSA01$h0854 979 $aRSIAV2$b90$c20100618$lUSA01$h1106 996 $aLibertà terapeutica come diritto culturale$9992647 997 $aUNISA